The English Constitution /

Contiene: 1. El gabinete; 2. El gobierno de gabinete; 3. La monarquía; 4. La Cámara de los Lores; 5. La Cámara de los Comunes; 6. Los cambios de ministerio; 7. Frenos y contrapesos; 8. Los pre-requisitos del gobierno de gabinete; 9. Historia de la Constitución inglesa.

Gardado en:
Detalles Bibliográficos
Autor Principal: Bagehot, Walter (autor)
Outros autores: Balfour, Arthur James (introducción) (introducción)
Formato: Libro
Idioma:inglés
Series:(The World's Classics ; 330)
Temas:
Etiquetas: Engadir etiqueta
Sen Etiquetas, Sexa o primeiro en etiquetar este rexistro!

MARC

LEADER 00000nam^a2200000^a^4500
001 000319594
005 20250521000000.0
009 20260310113446.522
037 |a Acervo Xavier Clavigero 
041 |a ING 
082 |a 342. 42  |b BAG 
100 |a Bagehot, Walter  |e (autor) 
240 1 4 |a [La Constitución inglesa] 
245 1 4 |a The English Constitution /  |c W. Bagehot ; introd. de A.J. Balfour. 
264 |a Londres, Inglaterra :  |b Oxford University,  |c 1963 
300 |a XXVI, 312 p. 
336 |a texto  |b txt  |2 rdacontenido 
337 |a sin mediación  |b n  |2 rdamedio 
338 |a volumen  |b nc  |2 rdasoporte 
440 4 |a (The World's Classics ;  |v 330) 
520 |a Contiene: 1. El gabinete; 2. El gobierno de gabinete; 3. La monarquía; 4. La Cámara de los Lores; 5. La Cámara de los Comunes; 6. Los cambios de ministerio; 7. Frenos y contrapesos; 8. Los pre-requisitos del gobierno de gabinete; 9. Historia de la Constitución inglesa. 
649 |a XX 
650 |a Cámara de Diputados -  |z Inglaterra 
650 |a Cámara de Senadores -  |z Inglaterra 
650 |a Poder Legislativo -  |z Inglaterra -  |x Tema Principal 
650 |a Monarquía -  |z Inglaterra 
650 |a Sistema Político -  |z Inglaterra 
650 |a Constitución -  |z Inglaterra -  |x Tema Principal 
650 |a Derecho Constitucional -  |z Inglaterra 
650 |a Derecho Público -  |z Inglaterra 
700 |a Balfour, Arthur James  |e (introducción) 
910 |a Fondo General 
920 |a Impresos - Libros 
930 |a Colección General 
905 |a 101 
901 |a 0500206948  |b IT1  |c ACC  |u 20250521 
902 |a https://opac.biblio.iteso.mx/vufind/Record/000319594